Pasos en el vacío (2007-2009) /

Donde el lenguaje no designa una realidad colonizada por la mente, donde no hay señales que indiquen una meta, donde se esfuman los sentimientos animales, donde los adornos son barridos por una corriente implacable, donde la única tabla de salvación es la conciencia pura, han naufragado elnombre, la...

Full description

Bibliographic Details
Main Author: Jodorowsky, Alexandro 1927-
Format: Libro
Language:Spanish
Published: Madrid Visor [2009]
Series:Visor de poesía 726
Subjects:
Online Access:

MARC

LEADER 00000cam a2200000 a 4500
001 028000
003 UAHC_CL
005 20170803122858.0
008 130201b sp g 000 p spa
020 |a 9788498957266 
040 |a UAHC_CL  |c UAHC_CL  |d UAHC_CL 
082 0 4 |a Ch861  |b J63  |2 20 
100 1 |a Jodorowsky, Alexandro  |d 1927- 
245 1 0 |a Pasos en el vacío (2007-2009) /  |c Alejandro Jodorowsky. 
260 |b Visor  |a Madrid  |c [2009] 
300 |a 109 p. 
490 0 |a Visor de poesía  |v 726 
520 |a Donde el lenguaje no designa una realidad colonizada por la mente, donde no hay señales que indiquen una meta, donde se esfuman los sentimientos animales, donde los adornos son barridos por una corriente implacable, donde la única tabla de salvación es la conciencia pura, han naufragado elnombre, la edad, la identidad sexual, las alcachofas de dogmas y los espejos almibarados. En el espíritu asciende la materia, en la materia desciende el espíritu, el cielo pierde su azul y la noche su negrura. Los huesos y la carne del poeta devorado por el alma se pudren en el catefalco de sus versos. 
650 4 |a POESIAS CHILENAS 
900 |a Ch861 JODP 
942 |c BK 
952 |0 0  |1 0  |4 0  |6 CH_861_000000000000000_JODP  |7 0  |8 General  |9 55568  |a BC  |b BC  |c General  |d 2017-08-03  |l 0  |o Ch861 JODP  |p 1410151  |r 2025-11-26 00:00:00  |t 1  |w 2017-08-03  |y BK 
999 |c 28000  |d 28000